000 00447pab a2200157 454500
008 180718b2009 xxu||||| |||| 00| 0 eng d
100 _aBlanco, Ismael
245 _aDoes at `Barcelona model' really exist? periods, territories and actors in the process of urban transformation
260 _c2009
300 _ap.355-69.
362 _aJun
650 _aUrban development
773 _aLocal Government Studies
908 _aN
909 _a83334
999 _c83334
_d83334